Statistics for Cities with More Than One Top 100 Universities

Click here to take the quiz!

General Stats

  • This quiz has been taken 1,182 times
    (931 since last reset)
  • The average score is 14 of 22

Answer Stats

#CityUniversities% Correct
2New York[17] Columbia University
[26] New York University
97%
4Los Angeles[4] California Institute of Technology
[15] University of California, Los Angeles
[53] University of Southern California
[98] University of California Irvine
94%
3Boston[3] Harvard University
[5] Massachusetts Institute of Technology
[54] Boston University
92%
4London[11] Imperial College London
[16] University College London
[27] London School of Economics and Political Science
[35] King's College London
88%
2Chicago[10] University of Chicago
[24] Northwestern University
84%
3Paris[46] PSL Research University Paris
[87] École Polytechnique
[87] Sorbonne University
84%
2San Francisco[2] Stanford University
[7] University of California, Berkeley
82%
2Beijing[20] Tsinghua University
[23] Peking University
76%
2Berlin[75] Charité - Universitätsmedizin Berlin
[80] Humboldt University of Berlin
74%
2Washington-Baltimore[12] Johns Hopkins University
[90] University of Maryland, College Park
70%
2Sydney[51] University of Sydney
[67] University of New South Wales
67%
2Shanghai[70] Fudan University
[100] Shanghai Jiaotong University
66%
2Toronto-Hamilton[18] University of Toronto
[69] McMaster University
63%
3Hong Kong[39] University of Hong Kong
[56] Hong Kong University of Science and Technology
[56] Chinese University of Hong Kong
57%
2Singapore[25] National University of Singapore
[47] Nanyang Technological University, Singapore
56%
2Melbourne[31] University of Melbourne
[64] Monash University
53%
2Munich[32] LMU Munich
[41] Technical University of Munich
52%
2Atlanta[38] Georgia Institute of Technology
[85] Emory University
51%
2Zurich[14] ETH Zurich
[73] University of Zurich
51%
2Montreal[40] McGill University
[73] University of Montreal
46%
2Raleigh[20] Duke University
[56] University of North Carolina at Chapel Hill
23%
3Rotterdam-The Hague[70] Leiden University
[72] Erasmus University Rotterdam
[78] Delft University of Technology
19%

Score Distribution

Percentile by Number Answered

Percent of People with Each Score

Your Score History

You have not taken this quiz since the last reset